Macroeconomics / (Record no. 2583)

000 -LEADER
fixed length control field 00801nam a2200253 a 4500
001 - CONTROL NUMBER
control field 674242
003 - CONTROL NUMBER IDENTIFIER
control field OSt
005 - DATE AND TIME OF LATEST TRANSACTION
control field 20170105101156.0
008 - FIXED-LENGTH DATA ELEMENTS--GENERAL INFORMATION
fixed length control field 951130s1996 nyua b 001 0 eng
010 ## - LIBRARY OF CONGRESS CONTROL NUMBER
LC control number 95061218
020 ## - INTERNATIONAL STANDARD BOOK NUMBER
Canceled/invalid ISBN 1572590955
040 ## - CATALOGING SOURCE
Original cataloging agency DLC
Transcribing agency DLC
050 00 - LIBRARY OF CONGRESS CALL NUMBER
Classification number HB172.5
Item number .T738 1996
082 00 - DEWEY DECIMAL CLASSIFICATION NUMBER
Classification number 339
Edition number 20
100 1# - MAIN ENTRY--PERSONAL NAME
Personal name Tregarthen, Timothy D.
245 10 - TITLE STATEMENT
Title Macroeconomics /
Statement of responsibility, etc. Timothy Tregarthen.
260 ## - PUBLICATION, DISTRIBUTION, ETC.
Place of publication, distribution, etc. New York :
Name of publisher, distributor, etc. Worth Publishers,
Date of publication, distribution, etc. c1996.
300 ## - PHYSICAL DESCRIPTION
Extent xxxv, 501 p. :
Other physical details col. ill. ;
Dimensions 28 cm.
504 ## - BIBLIOGRAPHY, ETC. NOTE
Bibliography, etc. note Includes bibliographical references and index.
650 #0 - SUBJECT ADDED ENTRY--TOPICAL TERM
Topical term or geographic name entry element Macroeconomics.
906 ## - LOCAL DATA ELEMENT F, LDF (RLIN)
a 7
b cbc
c orignew
d 3
e opcn
f 19
g y-gencatlg
942 ## - ADDED ENTRY ELEMENTS (KOHA)
Source of classification or shelving scheme
Koha item type Book
Holdings
Withdrawn status Lost status Source of classification or shelving scheme Damaged status Not for loan Collection code Permanent Location Current Location Shelving location Date acquired Total Checkouts Full call number Barcode Date last seen Date last checked out Price effective from Koha item type Total Renewals
            Central Library (CL) Central Library (CL) General Stacks 06/21/2018 1 339 TRE S3H-N-1355 03/27/2023 02/13/2023 06/21/2018 Book  
            Central Library (CL) Central Library (CL) General Stacks 06/22/2018   339 TRE S3H-N-1363 06/10/2021   06/22/2018 Book 1
© 2023 Central Library, National University of Sciences and Technology. All Rights Reserved.